000 01071nam a22002297a 4500
003 OSt
005 20250916095333.0
008 240228b ||||| |||| 00| 0 eng d
040 _c0
082 _aDPer 621.317 Ie21 June 2022 v. 37 n. 6
100 _aNajjar, Mohammad.
_eauthor.
_953603
245 _aDesign procedure and efficiency analysis of a 99.3% efficient 10 kW three-phase three-level hybrid GaN/Si active neutral point clamped converter /
_cMohammad Najjar, Alireza Kouchaki, Jesper Nielsen, Radu Dan Lazar, and Morten Nymand.
260 _aNew York ;
_bThe Institute of Electrical and Electronics Engineers, Inc. ,
_cJune 2022.
300 _aVolume 37, pages 6698-6710 :
_billustration ;
_c29 cm.
500 _aIEEE Transactions on Power Electronics, vol. 37, no. 6, pages 6698-6710, June 2022.
700 _aNajjar, Mohammad.
_eauthor.
_953603
700 _aKouchaki, Alireza.
_eauthor.
_953604
700 _aNielsen, Jesper.
_eauthor.
_953605
700 _aLazar, Radu Dan.
_eauthor.
_953606
700 _aNymand, Morten.
_eauthor.
_953607
942 _2ddc
_cPER
999 _c19420
_d19420